Living Nordic / (Record no. 8884)

MARC details
000 -LEADER
fixed length control field 00923cam a22002778i 4500
001 - CONTROL NUMBER
control field tfh9bp4hrwvfpv3b
003 - CONTROL NUMBER IDENTIFIER
control field LIBRIS
005 - DATE AND TIME OF LATEST TRANSACTION
control field 20260414134206.0
008 - FIXED-LENGTH DATA ELEMENTS--GENERAL INFORMATION
fixed length control field 251218s2026 xx |||||||||||000 0|eng|d
020 ## - INTERNATIONAL STANDARD BOOK NUMBER
International Standard Book Number 9783037683095
Qualifying information inbunden
035 ## - SYSTEM CONTROL NUMBER
System control number (BOKR)9783037683095
040 ## - CATALOGING SOURCE
Original cataloging agency BOKR
Description conventions i
Transcribing agency N
041 ## - LANGUAGE CODE
Language code of text/sound track or separate title eng
082 ## - DEWEY DECIMAL CLASSIFICATION NUMBER
Classification number 728.0948 U33 2026
100 1# - MAIN ENTRY--PERSONAL NAME
Personal name van Uffelen, Chris
Relationship aut
245 10 - TITLE STATEMENT
Title Living Nordic /
Statement of responsibility, etc. Chris van Uffelen.
263 ## - PROJECTED PUBLICATION DATE
Projected publication date 202601
264 #1 - PRODUCTION, PUBLICATION, DISTRIBUTION, MANUFACTURE, AND COPYRIGHT NOTICE
Name of producer, publisher, distributor, manufacturer Thames & Hudson Ltd.
Date of production, publication, distribution, manufacture, or copyright notice 2026
300 ## - PHYSICAL DESCRIPTION
Extent 192 sidor
Dimensions 29 cm
336 ## - CONTENT TYPE
Content type term text
Content type code txt
Source rdacontent
337 ## - MEDIA TYPE
Media type term unmediated
Media type code n
Source rdamedia
338 ## - CARRIER TYPE
Carrier type term volume
Carrier type code nc
Source rdacarrier
650 ## - SUBJECT ADDED ENTRY--TOPICAL TERM
Topical term or geographic name entry element Scandinavian architecture; Nordic interior design; residential design; minimalism; sustainable housing; contemporary housing styles.
887 ## - NON-MARC INFORMATION FIELD
Content of non-MARC field {"@id":"tfh9bp4hrwvfpv3b","modified":"2026-02-24T08:03:30.414+01:00"}
Source of data librisxl
942 ## - ADDED ENTRY ELEMENTS (KOHA)
Source of classification or shelving scheme Dewey Decimal Classification
Koha item type English Book
Suppress in OPAC No
Holdings
Withdrawn status Lost status Source of classification or shelving scheme Damaged status Not for loan Home library Current library Date acquired Total Checkouts Full call number Barcode Date last seen Price effective from Koha item type
    Dewey Decimal Classification     CENTRAL TUWAIQ 04/14/2026   728.0948 U33 2026 1000000029192 04/14/2026 04/14/2026 English Book